| Tag |
First Indicator |
Second Indicator |
Subfields |
| LEADER |
00000cam a2200000 a 4500 |
| 001 |
in00000019751 |
| 005 |
20151007053719.0 |
| 008 |
870812s1988 miu b 00110 eng |
| 010 |
|
|
|a 87019215
|
| 020 |
|
|
|a 083571831X (alk. paper)
|
| 035 |
|
|
|a (OCoLC)16578375
|
| 035 |
|
|
|9 AAB2576AM
|
| 040 |
|
|
|a DLC
|c DLC
|d TXA
|d UtOrBLW
|
| 049 |
|
|
|a TXAM
|c [A11052106]
|
| 050 |
0 |
0 |
|a PS3562.E42
|b Z88 1988
|
| 082 |
0 |
|
|a 813/.54
|2 19
|
| 100 |
1 |
|
|a Selinger, Bernard,
|d 1949-
|
| 245 |
1 |
0 |
|a Le Guin and identity in contemporary fiction /
|c by Bernard Selinger.
|
| 264 |
|
1 |
|a Ann Arbor, Mich. :
|b UMI Research Press,
|c [1988]
|
| 264 |
|
4 |
|c ©1988
|
| 300 |
|
|
|a 183 pages ;
|c 24 cm.
|
| 336 |
|
|
|a text
|b txt
|2 rdacontent
|
| 337 |
|
|
|a unmediated
|b n
|2 rdamedia
|
| 338 |
|
|
|a volume
|b nc
|2 rdacarrier
|
| 490 |
1 |
|
|a Studies in speculative fiction ;
|v no. 16
|
| 504 |
|
|
|a Bibliography: pages [171]-180.
|
| 500 |
|
|
|a Includes index.
|
| 600 |
1 |
0 |
|a Le Guin, Ursula K.,
|d 1929-
|x Criticism and interpretation.
|
| 650 |
|
0 |
|a Identity (Philosophical concept) in literature.
|
| 650 |
|
0 |
|a Psychoanalysis and literature.
|
| 830 |
|
0 |
|a Studies in speculative fiction ;
|v no. 16.
|
| 999 |
|
|
|a MARS
|
| 999 |
f |
f |
|s 8e49baaf-b272-3add-ae55-154a593ded60
|i 30638dc2-9a6c-34fe-a0b2-9c61fea7eb57
|t 0
|
| 952 |
f |
f |
|p normal
|a Texas A&M University
|b College Station
|c Sterling C. Evans Library
|d Evans: Library Stacks
|t 0
|e PS3562.E42 Z88 1988
|h Library of Congress classification
|i unmediated -- volume
|m A14811052106
|
| 998 |
f |
f |
|a PS3562.E42 Z88 1988
|t 0
|l Evans: Library Stacks
|